000 00545nam a2200181 i 4500
001 35249
003 ES-MaACL
005 20250808084924.0
007 t|
008 030212m19541955sp ||||1| spa d
100 1 _aBorrell y Soler, Antonio María.
_930595
245 1 0 _aDerecho civil español /
_cAntonio M. Borrell y Soler.
260 _aBarcelona :
_bBosch,
_c[1954-55] (
_fCondal)
300 _a5 t. ;
_c23 cm.
650 0 4 _aDerecho civil-
_zEspaña
_911659
852 _aES-MaACL
_jC-10226-30
_bR.38761
999 _c35249
_d35249